Direito em questões : (Record no. 628)

MARC details
000 -LÍDER
Campo Fixo de Controle 00739nam a2200241 a 4500
001 - NÚMERO DE CONTROLE
Campo de Controle 628
003 - IDENTIFICAÇÃO DO NÚMERO DE CONTROLE
Campo de Controle BR-CuiBMT
005 - DATA E HORA DA ÚLTIMA ATUALIZAÇÃO
Campo de Controle 20231110230715.0
008 - DADOS FIXOS
Dados Fixos 231110s2007 mtb 000 0 por d
040 ## - AGÊNCIA CATALOGADORA
Código da Agência Catalogadora BR-CuiBMT
Agência que transcreveu o registro BR-CuiBMT
080 ## - Nº DA CLASSIFICAÇÃO DECIMAL UNIVERSAL
Nº edição CDU 2007
Nº Class. CDU 340
Subd. Auxiliar Comum (079.1)
090 ## - NÚMERO DE CHAMADA
Nº classificação 340(079.1)
Cutter D598
Ano/Edição 1. ed.
245 1# - TÍTULO PRINCIPAL
Título principal Direito em questões :
Subtítulo temas polêmicos comentados para concursos públicos.
Indicação de responsabilidade Adriana Ruzzante Gagliardi...[ et al].
250 ## - EDIÇÃO
Edição 1. ed.
260 ## - PUBLICAÇÃO, DISTRIBUIÇÃO, ETC.
Local de publicação Cuiabá :
Editora Futura,
Data 2007.
300 ## - DESCRIÇÃO FÍSICA
N. páginas ou volumes 137 p.:
Dimensões 21 cm
504 ## - NOTA DE BIBLIOGRAFIA, ETC.
Nota de bibliografia Inclui bibliografia.
650 ## - ASSUNTO TÓPICO
Cabeçalho tópico ou nome geográfico Direito constitucional
650 ## - ASSUNTO TÓPICO
Cabeçalho tópico ou nome geográfico Direito administrativo
650 ## - ASSUNTO TÓPICO
Cabeçalho tópico ou nome geográfico Direito penal
700 ## - ENTRADA SECUNDÁRIA -- NOME PESSOAL
Nome pessoal Gagliardi, Adriana Ruzzante
Termo de relação .et al...
942 ## - ELEMENTOS DE ENTRADA ADICIONAIS (KOHA)
Fonte de classificação ou esquema de arquivamento Classificação Decimal Universal
Tipo de item do Koha Livros
Holdings
Estado: removido Estado: perdido Fonte de classificação ou esquema de arquivamento Estado: danificado Indisponível para empréstimo Localização permanente Localização atual Data de aquisição Total Checkouts Número de Chamada completo Código de barras Date last seen Número do exemplar Preço efetivo a partir de Tipo de item (Koha)
    Classificação Decimal Universal     Biblioteca da Escola Superior de Contas do TCE/MT Biblioteca da Escola Superior de Contas do TCE/MT 10/11/2023   340(079.1) D598 BIBTCEMT23110450 10/11/2023 Ex. 1 10/11/2023 Livros

Powered by Koha